Commentarii historici de Bosniae, Serviae, ac Bulgariae, tum Valachiae, Moldaviae ac Bessarabiae, cum regno Hungariae nexu quos scripsit Georgius Pray [...], edidit [...] Georgius Fejér

Elmentve itt :
Bibliográfiai részletek
Szerző: Pray György
További közreműködők: Fejér György
Dokumentumtípus: Könyv
Megjelent: typis Regiae Scient. Universitatis Ungaricae [Buda] Budae 1837
Kulcsszavak:Magyarország története - 11-18. sz., Délkelet-Európa története - 11-18. sz.
Online Access:http://misc.bibl.u-szeged.hu/45811
LEADER 01039nam a2200193 i 4500
001 misc45811
005 20200717143430.0
008 190304s1837 hu o 0|| lat d
040 |a SZTE Miscellanea Repozitórium  |b hun 
041 |a lat 
100 1 |a Pray György 
245 1 0 |a Commentarii historici de Bosniae, Serviae, ac Bulgariae, tum Valachiae, Moldaviae ac Bessarabiae, cum regno Hungariae nexu quos scripsit Georgius Pray [...], edidit [...] Georgius Fejér  |h [elektronikus dokumentum] /  |c  Pray György 
260 |a typis Regiae Scient. Universitatis Ungaricae  |b [Buda] Budae  |c 1837 
300 |a [4], 212 p.  |c 8o 
561 |a Muzeális dokumentumok 
591 |a Bibl. Coll. Colocensis S. I. (pecsét), Ex munificentia Rmi D. Emerici Radnich E. C. Albaregalens Canonici (ex libris), Népkönyvtári Központtól Nem adható el! (pecsét) 
695 |a Magyarország története - 11-18. sz., Délkelet-Európa története - 11-18. sz. 
700 0 1 |a Fejér György 
856 4 0 |u http://misc.bibl.u-szeged.hu/45811/1/dmi_5751.pdf  |z Dokumentum-elérés